Estádios do Brasileirão Seria A - Statistics

Estatísticas Gerais
  • Esse quiz foi jogado 36 vezes
  • A pontuação média é 19 de 20
Estatísticas das Respostas
Imagem Resposta % Correto
Atletico Mineiro
97%
Corinthians
97%
Cruzeiro
97%
Fluminense
97%
Gremio
97%
Internacional
97%
Santos
97%
São Paulo
97%
Vasco da Gama
97%
Botafogo
94%
Mirassol
94%
Palmeiras
94%
Athletico Paranaense
91%
Flamengo
91%
Remo
88%
Vitoria
88%
Bahia
85%
Bragantino
85%
Coritiba
85%
Chapecoense
82%
Nenhum quiz correspondente encontrado
Distribuição das Pontuações
Porcentagem de Pessoas com Cada Pontuação
Percentil de Números Respondidos
Sua Pontuação Histórica
Você não jogou esse quiz